000 01090cam a22002773a 4500
001 32492
003 PGUSA
005 20140828083714.0
008 100523s2010||||xxu|||||s|||||000 | eng d
040 _aPGUSA
_beng
042 _adc
050 4 _aQ
100 1 _aUnknown
245 1 0 _aEndless Amusement :
_bA Collection of Nearly 400 Entertaining Experiments in Various Branches of Science; Including Acoustics, Electricity, Magnetism, Arithmetic, Hydraulics, Mechanics, Chemistry, Hydrostatics, Optics; Wonders of the Air-Pump; All the Popular Tricks and Changes of the Cards, &c., &c. to Which is Added, a Complete System of Pyrotechny; Or, the Art of Making Fire-works.
_h[electronic resource] /
_cUnknown
260 _bProject Gutenberg,
_c2010
506 _aPublic domain in the USA.
516 _aElectronic text
653 _aFireworks
653 _aMagic tricks
653 _aScientific recreations
653 _aCard tricks
653 _aScience -- Experiments
830 0 _aProject Gutenberg
_v32492
856 4 0 _uhttp://www.gutenberg.org/ebooks/32492
942 _cEB
999 _c261747
_d261747